Model Tender Document for Procurement of Goods and Non Consultancy Services/ (Record no. 208243)

MARC details
000 -LEADER
fixed length control field 00606nam a22001817a 4500
005 - DATE AND TIME OF LATEST TRANSACTION
control field 20250109105422.0
010 ## - LCCN (DPL NO)
LC control number ENG-143255
020 ## - INTERNATIONAL STANDARD BOOK NUMBER
International Standard Book Number 9788195320561
Terms of availability 500.00
035 ## - SYSTEM CONTROL NUMBER
System control number EN-126787
037 ## - SOURCE OF ACQUISITION
Source of stock number/acquisition DBAD/PUB
082 ## - DEWEY DECIMAL CLASSIFICATION NUMBER
Classification number 352.5
100 ## - MAIN ENTRY--PERSONAL NAME
Personal name Bangia, Harshul
245 ## - TITLE STATEMENT
Title Model Tender Document for Procurement of Goods and Non Consultancy Services/
Statement of responsibility, etc By Harshul Bangia
260 ## - PUBLICATION, DISTRIBUTION, ETC. (IMPRINT)
Place of publication, distribution, etc New Delhi
Name of publisher, distributor, etc Sumedha Publishing House
Date of publication, distribution, etc 2022
270 ## - ADDRESS
City New Delhi
Address UG-1, Ansal Chamber-1,3 Bhikaji Cama Place,
Postal code 110066
300 ## - PHYSICAL DESCRIPTION
Extent xvi,391p.
Other physical details 24cm(pb)
942 ## - ADDED ENTRY ELEMENTS (KOHA)
Source of classification or shelving scheme Dewey Decimal Classification
Item type English Books
Classification part 352.5
Call number suffix BAN
Holdings
Withdrawn status Lost status Not for loan Collection code Home library Current library Date acquired Source of acquisition Cost, normal purchase price Full call number Barcode Copy number Cost, replacement price Koha item type
      Non-fiction Kadipur Kadipur 09/01/2025 Delivery of Books Act Division 500.00 352.5 BAN EN-126787 1 500.00 English Books

© Delhi Public Library
Hit Counter
free hit counter